Sciences par lettre - E - Statistiques

Statistiques générales
  • Ce quiz a été pris 236 fois
  • Le résultat moyen est 15 sur 20
Statistiques - réponses
Indices Réponses % Correct
Physicien allemand, prénommé Albert, ayant établi la théorie de la relativité restreinte en 1905 Einstein
97%
Se dit d'un triangle dont les trois côtés sont de même longueur Équilatéral
96%
Particule élémentaire, orbitant autour du noyau de l'atome, porteuse d'une charge électrique négative Électron
94%
Couche la plus superficielle de la peau Épiderme
92%
Phénomène géologique durant lequel un volcan émet des matières volcaniques (lave, gaz, cendres…) Éruption
92%
Examen médical, abrégé "ECG", qui permet de mesurer et d'enregistrer l'activité électrique du cœur Électrocardiogramme
90%
Disparition apparente et temporaire d'un astre, provoquée par l'interposition d'un autre corps céleste Éclipse
89%
Chacune des deux périodes de l'année où le jour a une durée égale à celle de la nuit Équinoxe
87%
Signification de la grandeur "E" dans l'équation : E = mc² Énergie
86%
Maladie virale ayant touché l'Afrique de l’Ouest entre 2013 et 2016, qui se caractérise par une fièvre hémorragique souvent mortelle pour l'être humain Ebola
84%
Fonction mathématique, réciproque de la fonction logarithme, définie par : f (x) = ex Exponentielle
75%
Point de la surface terrestre situé à la verticale du foyer d'un séisme Épicentre
74%
Situé dans l'oreille moyenne, il est le plus petit os du corps humain Étrier
74%
Premier stade de développement d'un être humain, débutant après la fécondation Embryon
71%
Technologie de réseau câblé permettant aux appareils de communiquer entre eux sur un réseau local (LAN) Ethernet
67%
En géomorphologie, elle désigne le phénomène de dégradation et de transformation du relief Érosion
66%
Verrerie de laboratoire à fond plat, présentant une forme conique et un col étroit cylindrique, couramment employée pour les dosages (titrages) volumétriques Erlenmeyer
63%
Se dit d'une planète située en dehors de notre Système solaire, orbitant autour d'une étoile autre que le Soleil Exoplanète
55%
Protéine qui, telle que la lactase ou la kinase, catalyse (= accélère) une réaction biochimique Enzyme
52%
Scientifique spécialisé dans l'étude des insectes Entomologiste
35%
Aucun quiz correspondant
Distribution des résultats
% des personnes avec chaque résultat
Percentile par nombre de réponses
Votre historique - résultats
Vous n’avez pas pris ce quiz